000
00421nam a2200133Ia 4500
008
100328s9999 xx 000 0 und d
082
_b
66716
100
_a
राजे नयना.
245
_a
जाहल्या काही चुका.
260
_b
पारस.
630
_a
जाहल्या काही चुका.
730
_a
जाहल्या काही चुका.
942
_c
BOOK
999
_c
552455
_d
552452